La tertulia familiar elemento de comunicación e integración talleres para padres
Esta obra presenta una propuesta para hacer de la tertulia familiar un elemento de comunicación entre los miembros que componen la familia. Se utiliza la metodología de taller educativo que permite la participación activa de los padres en general.
保存先:
| 第一著者: | |
|---|---|
| その他の著者: | |
| フォーマット: | 図書 |
| 言語: | Spanish |
| 出版事項: |
Bogotá:
Cooperativa Editorial Magisterio,
1996
|
| シリーズ: | Aula abierta
|
| オンライン・アクセス: | Enlace del recurso |
| タグ: |
タグ追加
タグなし, このレコードへの初めてのタグを付けませんか!
|
MARC
| LEADER | 00000nam a2200000 a 4500 | ||
|---|---|---|---|
| 001 | 001079 | ||
| 008 | 030610s1996 ck # fr# #000|0#spa#d | ||
| 020 | |a 958-20-0255-7 | ||
| 041 | 0 | |a spa | |
| 043 | |a s-ck--- | ||
| 082 | 0 | 4 | |a 306.85 |b T631t |2 21 |
| 100 | 1 | |a Triana, Blanca Isabel | |
| 245 | 1 | 3 | |a La tertulia familiar elemento de comunicación e integración talleres para padres |c Blanca Isabel Triana; Victoria Salcedo María |
| 260 | |a Bogotá: |b Cooperativa Editorial Magisterio, |c 1996 | ||
| 300 | |a 120 p. | ||
| 440 | 0 | |a Aula abierta | |
| 504 | |a Incluye bibliografía. | ||
| 520 | 3 | |a Esta obra presenta una propuesta para hacer de la tertulia familiar un elemento de comunicación entre los miembros que componen la familia. Se utiliza la metodología de taller educativo que permite la participación activa de los padres en general. | |
| 700 | 1 | |a Salcedo María Victoria | |
| 999 | |c 3231 |d 3231 | ||
| 856 | |u https://catalogo.idep.edu.co/cgi-bin/koha/opac-detail.pl?biblionumber=3231 |z Enlace del recurso | ||